| 000 -LEADER |
| fixed length control field |
01048nam a22002417a 4500 |
| 001 - CONTROL NUMBER |
| control field |
4703 |
| 003 - CONTROL NUMBER IDENTIFIER |
| control field |
BD-DhUAP |
| 005 - DATE AND TIME OF LATEST TRANSACTION |
| control field |
20200224123513.0 |
| 008 - FIXED-LENGTH DATA ELEMENTS--GENERAL INFORMATION |
| fixed length control field |
200220s2000 bg ||||| |||| 001 0 ben d |
| 020 ## - INTERNATIONAL STANDARD BOOK NUMBER |
| International Standard Book Number |
9845120067 |
| 040 ## - CATALOGING SOURCE |
| Original cataloging agency |
BD-DhUAP |
| Language of cataloging |
Ben |
| Transcribing agency |
BD-DhUAP |
| Modifying agency |
BD-DhUAP |
| 082 ## - DEWEY DECIMAL CLASSIFICATION NUMBER |
| Edition number |
23 |
| Classification number |
954.92 BAN |
| 245 ## - TITLE STATEMENT |
| Title |
বাংলাদেশের ইতিহাস : |
| Remainder of title |
১৭০৪-১৯৭১ / |
| Statement of responsibility, etc. |
সিরাজুল ইসলাম এবং সাজাহান মিয়া কর্তৃক সম্পাদিত। |
| 250 ## - EDITION STATEMENT |
| Edition statement |
২য় সং.। |
| 260 ## - PUBLICATION, DISTRIBUTION, ETC. |
| Place of publication, distribution, etc. |
ঢাকা : |
| Name of publisher, distributor, etc. |
বাংলাদেশ এশিয়াটিক সোসাইটি, |
| Date of publication, distribution, etc. |
২০০০। |
| 300 ## - PHYSICAL DESCRIPTION |
| Extent |
খণ্ড ; |
| Dimensions |
২৪ সেমি.। |
| 500 ## - GENERAL NOTE |
| General note |
নির্ঘণ্ট সম্বলিত। |
| 505 ## - FORMATTED CONTENTS NOTE |
| Formatted contents note |
খণ্ড ১- রাজনৈতিক ইতিহাস। |
| 651 ## - SUBJECT ADDED ENTRY--GEOGRAPHIC NAME |
| Geographic name |
Bangladesh |
| Form subdivision |
History. |
| 700 ## - ADDED ENTRY--PERSONAL NAME |
| Personal name |
ইসলাম, সিরাজুল |
| 700 ## - ADDED ENTRY--PERSONAL NAME |
| Personal name |
মিয়া,সাজাহান |
| 942 ## - ADDED ENTRY ELEMENTS (KOHA) |
| Source of classification or shelving scheme |
|
| Koha item type |
Book |